<?xml version="1.0" encoding="UTF-8"?>
<marc:record xmlns:marc="http://www.loc.gov/MARC21/slim">
   <marc:leader>00000nam a2200000 a 4500</marc:leader>
   <marc:datafield ind1="0" ind2="0" tag="245">
      <marc:subfield code="a">Another Me</marc:subfield>
   </marc:datafield>
   <marc:datafield ind1="0" ind2="0" tag="245">
      <marc:subfield code="b">Mein Zweites Ich</marc:subfield>
   </marc:datafield>
   <marc:datafield ind1=" " ind2="1" tag="264">
      <marc:subfield code="a">Frankfurt</marc:subfield>
      <marc:subfield code="b">Panda Eyes Films</marc:subfield>
      <marc:subfield code="c">2015</marc:subfield>
   </marc:datafield>
   <marc:datafield ind1="1" ind2=" " tag="490">
      <marc:subfield code="a">2</marc:subfield>
   </marc:datafield>
   <marc:datafield ind1="1" ind2=" " tag="520">
      <marc:subfield code="a">Fay, eine junge Frau mit einem komplizierten Leben, fühlt sich zunehmend verfolgt - auch wenn sie nicht sicher ist, ob wirklich jemand hinter ihr her ist oder ob sie sich alles nur einbildet: Menschen in ihrer Umgebung erwähnen Gespräche mit Fay, die sie nie hatte, und behaupten, Fay irgendwo gesehen zu haben, obwohl sie nie an diesen Orten war. Nach einigen übernatürlichen Erlebnissen befürchtet Fay schließlich, dass sie eine Doppelgängerin hat, die nicht nur auf ihre Identität aus ist, sondern auch auf ihr Leben...</marc:subfield>
   </marc:datafield>
   <marc:datafield ind1=" " ind2=" " tag="020">
      <marc:subfield code="a">4010232065292</marc:subfield>
      <marc:subfield code="9">4010232065292</marc:subfield>
   </marc:datafield>
   <marc:datafield ind1="0" ind2=" " tag="490">
      <marc:subfield code="v">0</marc:subfield>
   </marc:datafield>
   <marc:datafield ind1=" " ind2=" " tag="300">
      <marc:subfield code="a">ca. 83 Min.</marc:subfield>
   </marc:datafield>
</marc:record>
